000
00235nam a22001097a 4500
082
_a
668.4 MIL'P
100
_a
MILLER, R. N. B
_9
58413
245
_a
PALSTICS MOULDS
260
_a
LONDON
_b
MACHINERY
_c
1959
300
_a
60P
942
_c
BK
999
_c
568613
_d
568613